000 00874nam a2200277 i 4500
003 DO-SdBNP
005 20250704075019.0
007 ta
008 250704b2025 dr ||||| |||| 00| 0 spa d
020 _a9789945292688
020 _a979-8312724028
040 _aDO-SdBNP
_bspa
_cBNPHU
_erda
082 _axxxx
_bT693
_222
100 1 _aTorres Ulloa, Alfonso
_eautor
_4aut.
_958620
245 1 0 _aMujeres de Dajabón /
_cAlfonso Torres Ulloa
250 _aPrimera edición
264 1 _aSanto Domingo :
_bJaime Meléndez Publicidad
_c2025.
300 _a314, 310 páginas ;
_bretratos
_c23 y 21 cm.
336 _atexto
_btxt
_2rdacontent
337 _asin mediación
_bn
_2rdamedia
338 _avolumen
_bnc
_2rdacarrier
500 _aIncluye datos biografícos del autor en la contraportada.
590 _aInventariado, 2025/ YL
910 _aYLockward
942 _2ddc
_cLBS1
999 _c58700
_d58700